000 00930nam a22002057a 4500
999 _c13730
_d13730
008 190403b ||||| |||| 00| 0 eng d
020 _a9780309283144
082 _22013
_aAV-Eb 613.7071
_bK791
100 _aKohl, Harold W.editor
_938169
110 _aCommittee on Physical Activity and Physical Education in the School Environment, Food and Nutrition Board, and Institute of Medicine
_938170
245 _aEducating the student body :
_btaking physical activity and physical education to school /
_cedited by Harold W. Kohl and Heather D. Cook
260 _bNational Academies Press,
_c©2013.
300 _a503 pages;
500 _aIncludes index.
650 _aPhysical education and training.
_938171
650 _aPhysical fitness for children.
_94693
700 _aCook, Heather D. editor
_938172
856 _yhttps://ebookcentral.proquest.com/lib/uniofmindanao-ebooks/detail.action?docID=3379044
942 _2ddc
_cEB